00858 2200265 4500001002100000001002100021005001500042020002200057035002400079040001200103082001800115084001800133090002000151090001800171100001800189245013100207245009900338250001100437260002200448260003000470300003900500650002000539700001800559990001500577YOGYA000000000000776YOGYA00000000000077620140822071921 a978-602-8811-32-3 0010-081400000000816 aYOPDYOG 2[22]a899.223 a899.223 Ram k aT 297.431 Naw B a899.223 Ram k aRAMADHAN ,K.H aBimbingan Rasulullah Keluarga Sakinah : Rumah Tangga Perkawinan Yang Tentram dan BahagiacAn Nawawy, Muhammad Ibnu Umus Syiekh aKuantar ke gerbangb: kisah cinta ibu inggit dengan Bung Karnoc/ Ramadhan K.H.; Nunung Wiyati aCet.1. aSolobAnekac1995 aYogyakartabBentangc2011 a431 hlmb: ilusc; 21 cm ( 3 eks.) aFiksi Indonesia aNunung Wiyati a77119-P/96